Normal view
MARC view
- RIBEIRO,BAEZA RICARDO
Entry Personal Name
001 - CONTROL NUMBER
- control field: 89469
003 - CONTROL NUMBER IDENTIFIER
- control field: NUST
005 - DATE AND TIME OF LATEST TRANSACTION
- control field: 20220224093456.0
008 - FIXED-LENGTH DATA ELEMENTS
- fixed length control field: 220224|| aca||aabn | a|a d
040 ## - CATALOGING SOURCE
- Original cataloging agency: NUST
- Transcribing agency: NUST
100 ## - HEADING--PERSONAL NAME
- Personal name: RIBEIRO,BAEZA RICARDO
670 ## - SOURCE DATA FOUND
- Source citation: Work cat.: (NUST): RIBEIRO,BAEZA RICARDO., MODERN INFORMATION RETRIEVAL /, 2011.
